Statistics for Firefly and Serenity Quiz

Click here to take the quiz!

General Stats

  • This quiz has been taken 31 times
    (25 since last reset)
  • The average score is 15 of 25

Answer Stats

HintAnswer% Correct
This must be what going mad feels like.Dr. Simon Tam
96%
Captain TightpantsCapt. Malcolm Reynolds
91%
The Hero of Canton, the man they call ...Jayne Cobb
91%
He's a leaf on the windHoban "Wash" Washburne
87%
[Sensually eats strawberry]Kaywinnet Lee "Kaylee" Frye
87%
Also... She can kill you with her brainRiver Tam
87%
The Bible is fuzzy on the subject of kneecaps.Shepherd Derrial Book
87%
The warrior womanZoe Alleyne Washburne
87%
The AmbassadorInara Serra
83%
What does Jayne call the gun that he
offers Mal in exchange for Saffron?
Vera
78%
The ship Serenity is named for which battle?Battle of Serenity Valley
74%
When Serenity finds a derelict ship in the episode
"Bushwhacked", what hits the cockpit window?
A body
61%
What kind of animal, passed off as "alien", is
displayed at the bazaar in "The Message"?
Cow fetus
61%
Who did Mal's old war buddy, Monty, shave his beard off for?Bridget (Saffron)
57%
Which character has the catchphrase "does that seem right to you"?Jubal Early
52%
How can Mal tell the twins Fanty and Mingo apart?"Fanty's prettier".
48%
Finish the quote: "You have to finish
it, lad. ... You have to finish it".
"For a man to lay beaten, and yet
breathing... It makes him {a coward}".
39%
Fill in the blank:Look, they got {boy whores}!
Isn't that thoughtful?
39%
Fill in the blank:"A {government} is a body of people;
usually, notably ungoverned".
35%
Book is the only main character to not appear in every
episode, being absent from one. Which episode is he not in?
Ariel
35%
When the crew rescues Simon and River from their kidnappers
in the episode "Safe", what does Zoe say the crew are?
Big damn heroes
35%
Which part of the ship's engine breaks,
setting off the events of "Out of Gas"?
Compression coil
35%
What is the disease that the sheriff of Paradiso has,
even though he "ain't ever set foot in a mine"?
Bowden's malady
26%
What does Simon describe the Reavers as?"Men {gone savage}
on the edge of space
26%
Which character "is twenty-six years old and ain't yet a man"?Fess Higgins
22%

Score Distribution

Percentile by Number Answered

Percent of People with Each Score

Your Score History

You have not taken this quiz since the last reset